| 000 | 00442 a2200133 4500 | ||
|---|---|---|---|
| 001 | 92273 | ||
| 082 | _aPR 2518 | ||
| 090 |
_c44221 _d44220 |
||
| 100 | _aAsma Pervez; Prof Manzar Abbas and Salman Aslam (Avisors) | ||
| 245 |
_aDevelopment of an Algorithm o Estimate Mental Fatigue Levels using Electro-encephalography (EEG) Signals (Phase II) _n77 "B" EC |
||
| 260 |
_aIslamabad _bNUST _c2014 |
||
| 300 | _a58p. | ||
| 500 | _aBE Project Reports | ||
| 942 |
_aCAE NUST _kPR 2518 |
||
| 999 |
_c327346 _d327346 |
||